Decentralizovaná sociálna sieť

Salvato in:
Dettagli Bibliografici
Autore principale: Rosina, Jakub (Autore)
Altri autori: Drozda, Martin (Relatore della tesi)
Natura: Manoscritto Libro
Lingua:slovacco
Pubblicazione: Bratislava : STU v Bratislave FEI, 2023
Soggetti:
Accesso online:https://opac.crzp.sk/?fn=detailBiblioFormChildUHEUB&sid=C0DEB8E07572332BAB250E15805F&seo=CRZP-detail-kniha
Tags: Aggiungi Tag
Nessun Tag, puoi essere il primo ad aggiungerne!!

MARC

LEADER 00000ntm a22000003a 4500
001 stuzp92931
003 SK-STU
005 20241217151429.6
007 ta
008 150427s2015----xo-----f-mn---000-0-slo-d
040 |a STU  |b slo 
041 0 |a slo 
044 |a xo 
100 1 |a Rosina, Jakub  |u 035000  |4 aut  |U FEI Fakulta elektrotechniky a informatiky  |T FEI Ústav informatiky a matematiky  |X 92141  |U E050  |Y 816  |7 92141 
242 0 1 |a Decentralized social network  |y eng 
245 1 0 |a Decentralizovaná sociálna sieť 
260 |a Bratislava :  |b STU v Bratislave FEI,  |c 2023 
300 |a 74 s. 
650 4 |a decentralizácia  |2 slo 
650 4 |a sociálna sieť  |2 slo 
650 4 |a Vue.js  |2 slo 
650 4 |a Nuxt.js  |2 slo 
650 4 |a Solana  |2 slo 
650 4 |a blockchain  |2 slo 
650 4 |a social network  |2 eng 
650 4 |a Vue.js  |2 eng 
650 4 |a Nuxt.js  |2 eng 
650 4 |a Solana  |2 eng 
650 4 |a blockchain  |2 eng 
650 4 |a decentralization  |2 eng 
700 1 |a Drozda, Martin  |u 035000  |k Z1  |4 ths  |U FEI Fakulta elektrotechniky a informatiky  |T FEI Ústav informatiky a matematiky  |X 71006  |U E050  |Y 816  |7 A000071006 
856 4 |u https://opac.crzp.sk/?fn=detailBiblioFormChildUHEUB&sid=C0DEB8E07572332BAB250E15805F&seo=CRZP-detail-kniha